[Event "Andorra op 40th"]
[Site "Escaldes"]
[Date "2024.07.26"]
[Round "7"]
[White "Catalan Monteagudo, Elm"]
[Black "Villa Tornero, Alex"]
[Result "0-1"]
[WhiteElo "2085"]
[BlackElo "2325"]
[PlyCount "78"]
[EventDate "2024.07.20"]
[EventType "swiss"]
[EventRounds "9"]
[EventCountry "AND"]
[SourceTitle "CBM 221 Extra"]
[Source "ChessBase"]
[SourceDate "2024.09.30"]
[SourceVersion "1"]
[SourceVersionDate "2024.09.30"]
[SourceQuality "1"]

1. c4 e6 2. g3 c5 3. Bg2 Nc6 4. Nf3 Nf6 5. 0-0 Be7 6. Nc3 0-0 7. d4 cxd4 8. Nxd4 a6 9. e4 Qc7 10. h3 d6 11. Be3 Bd7 12. Rc1 Rac8 13. Qd2 Qb8 14. b3 Nxd4 15. Bxd4 b5 16. cxb5 axb5 17. f4 b4 18. Na4 e5 19. fxe5 dxe5 20. Bc5 Bxa4 21. Bxe7 Qa7+ 22. Kh2 Qxe7 23. bxa4 Ra8 24. Qc2 Ra7 25. Qc5 Rfa8 26. Qxe7 Rxe7 27. Rc5 Rxa4 28. Rb5 Rxa2 29. Rxb4 h6 30. g4 Rc7 31. Kg3 Rc3+ 32. Rf3 Rxf3+ 33. Bxf3 Ra3 34. Kf2 Nd7 35. h4 Nc5 36. Rb5 Nd3+ 37. Ke2 Nf4+ 38. Kf2 Kh7 39. Kg3 Ne2+ 0-1

[Event "Llinars del Valles op 4th"]
[Site "Llinars del Valles"]
[Date "2024.07.03"]
[Round "9"]
[White "Creixell Bermudo, Robert"]
[Black "Catalan Monteagudo, Elm"]
[Result "1/2-1/2"]
[WhiteElo "1891"]
[BlackElo "2085"]
[PlyCount "119"]
[EventDate "2024.06.25"]
[EventType "swiss"]
[EventRounds "9"]
[EventCountry "ESP"]
[SourceTitle "CBM 221 Extra"]
[Source "ChessBase"]
[SourceDate "2024.09.30"]
[SourceVersion "1"]
[SourceVersionDate "2024.09.30"]
[SourceQuality "1"]

1. e4 c5 2. Nc3 d6 3. d4 cxd4 4. Qxd4 Nc6 5. Qd2 Nf6 6. b3 g6 7. Bb2 Bg7 8. 0-0-0 Be6 9. Kb1 Qa5 10. f3 Rc8 11. Nge2 h5 12. Nf4 0-0 13. Nxe6 fxe6 14. Bc4 d5 15. exd5 Ne5 16. Be2 Rfd8 17. Qe3 Nxd5 18. Nxd5 Rxd5 19. f4 Nf7 20. Qxe6 Rxd1+ 21. Rxd1 Rc6 22. Qe3 Bxb2 23. Kxb2 Qf5 24. Bd3 Qf6+ 25. Kb1 a5 26. a4 Re6 27. Qh3 Nd6 28. g4 hxg4 29. Qxg4 Kg7 30. Qf3 Qc3 31. h4 b5 32. Qg4 Rf6 33. Qd7 bxa4 34. Qxa4 Qb4 35. Qxb4 axb4 36. Rg1 Kh6 37. Rg5 e6 38. Kb2 Nf5 39. Bxf5 exf5 40. c3 bxc3+ 41. Kxc3 Re6 42. h5 gxh5 43. Rxf5 h4 44. Rd5 Re3+ 45. Kc4 Re4+ 46. Kc5 Rxf4 47. b4 Rf1 48. b5 h3 49. Rd3 Rh1 50. b6 h2 51. Kd6 Kg7 52. Rh3 Rd1+ 53. Kc7 Rc1+ 54. Kd7 h1Q 55. Rxh1 Rxh1 56. b7 Rb1 57. Kc7 Rc1+ 58. Kd7 Rb1 59. Kc7 Rxb7+ 60. Kxb7 1/2-1/2

[Event "Llinars del Valles op 4th"]
[Site "Llinars del Valles"]
[Date "2024.07.02"]
[Round "8"]
[White "Catalan Monteagudo, Elm"]
[Black "Icart Pujol, Elies"]
[Result "1-0"]
[WhiteElo "2085"]
[BlackElo "1855"]
[PlyCount "108"]
[EventDate "2024.06.25"]
[EventType "swiss"]
[EventRounds "9"]
[EventCountry "ESP"]
[SourceTitle "CBM 221 Extra"]
[Source "ChessBase"]
[SourceDate "2024.09.30"]
[SourceVersion "1"]
[SourceVersionDate "2024.09.30"]
[SourceQuality "1"]

1. b3 Nf6 2. Bb2 e6 3. Nf3 c5 4. e3 Be7 5. Be2 b6 6. 0-0 0-0 7. c4 Bb7 8. d4 d6 9. Qc2 Qc7 10. Nc3 a6 11. Rac1 Nbd7 12. Rfd1 Bc6 13. h3 Qb7 14. Ne1 h6 15. Bf3 Bxf3 16. Nxf3 Rac8 17. Qd3 Rfd8 18. d5 Ne5 19. Qe2 Nxf3+ 20. Qxf3 e5 21. a4 a5 22. Kh1 Nh7 23. g4 Nf8 24. Rg1 g5 25. Ne4 Ng6 26. Ng3 Bf8 27. Nf5 Ne7 28. Rg2 Nxf5 29. gxf5 f6 30. Rcg1 Rd7 31. Qe4 Rh7 32. Rg3 Qf7 33. Kg2 Be7 34. Rf1 Kf8 35. f4 Bd8 36. h4 Qh5 37. Kf2 exf4 38. exf4 Re7 39. Qf3 Qxh4 40. Rh1 Qxf4 41. Qxf4 gxf4 42. Rg6 Re3 43. Rhxh6 Rxb3 44. Rh8+ Kf7 45. Rhg8 Rg3 46. R8g7+ Kf8 47. Rb7 Rxg6 48. fxg6 Bc7 49. Bxf6 Ke8 50. Kf3 Kd7 51. Kxf4 Rg8 52. Kg5 Kc8 53. Rxc7+ Kxc7 54. Be7 Rg7 1-0

[Event "Llinars del Valles op 4th"]
[Site "Llinars del Valles"]
[Date "2024.06.27"]
[Round "3"]
[White "Fernandez Borrego, Pablo"]
[Black "Catalan Monteagudo, Elm"]
[Result "1-0"]
[WhiteElo "2410"]
[BlackElo "2085"]
[PlyCount "53"]
[EventDate "2024.06.25"]
[EventType "swiss"]
[EventRounds "9"]
[EventCountry "ESP"]
[SourceTitle "CBM 221 Extra"]
[Source "ChessBase"]
[SourceDate "2024.09.30"]
[SourceVersion "1"]
[SourceVersionDate "2024.09.30"]
[SourceQuality "1"]

1. e4 c5 2. Nf3 d6 3. d4 cxd4 4. Nxd4 Nf6 5. Nc3 a6 6. h3 e5 7. Nde2 Be7 8. g4 h6 9. Bg2 b5 10. Ng3 Be6 11. Nf5 0-0 12. a3 Nc6 13. h4 Nd4 14. g5 Nh7 15. gxh6 g6 16. Nxd4 exd4 17. Qxd4 Bf6 18. Qd3 Bc4 19. Qg3 Re8 20. Bf4 Be5 21. Bxe5 dxe5 22. b3 b4 23. axb4 Bb5 24. Nd5 Rc8 25. c4 Bc6 26. Rxa6 Kh8 27. 0-0 1-0

[Event "Llinars del Valles op 4th"]
[Site "Llinars del Valles"]
[Date "2024.06.26"]
[Round "2"]
[White "Sergooris, Danail Jurgen"]
[Black "Catalan Monteagudo, Elm"]
[Result "0-1"]
[WhiteElo "1887"]
[BlackElo "2085"]
[PlyCount "116"]
[EventDate "2024.06.25"]
[EventType "swiss"]
[EventRounds "9"]
[EventCountry "ESP"]
[SourceTitle "CBM 221 Extra"]
[Source "ChessBase"]
[SourceDate "2024.09.30"]
[SourceVersion "1"]
[SourceVersionDate "2024.09.30"]
[SourceQuality "1"]

1. e4 c5 2. Nc3 d6 3. d4 cxd4 4. Qxd4 Nc6 5. Qd2 Nf6 6. b3 g6 7. Bb2 Bg7 8. 0-0-0 Be6 9. f3 Rc8 10. g4 Qa5 11. h4 0-0 12. h5 Rfd8 13. hxg6 hxg6 14. Kb1 d5 15. exd5 Nxd5 16. Nxd5 Rxd5 17. Bd3 Qxd2 18. Rxd2 Nb4 19. Rdh2 Bxb2 20. Kxb2 Nxd3+ 21. cxd3 Kg7 22. Rd2 Bd7 23. Ne2 Bc6 24. d4 Rd6 25. Rf1 Rh8 26. Nc3 e6 27. Ne4 Rd5 28. Rfd1 Rd7 29. Nc5 Rdd8 30. Rf1 Rh4 31. Kc3 Rh3 32. Re2 Kf8 33. Nd3 Rc8 34. Kb2 Rg3 35. a4 Ke7 36. Nb4 Bd7 37. d5 e5 38. Rd2 Kd6 39. Na2 Rh8 40. Nc3 f5 41. gxf5 gxf5 42. Rdf2 Rhh3 43. Ne2 Rg8 44. Nc3 a6 45. Ka3 Rc8 46. Kb2 e4 47. Rc2 e3 48. Re2 f4 49. Ne4+ Ke5 50. Nc3 Rg8 51. Ne4 Rxf3 52. Rxf3 Kxe4 53. Rf1 f3 54. Rc2 Rg2 55. Kc3 Rxc2+ 56. Kxc2 e2 57. Re1 Ke3 58. a5 f2 0-1

[Event "ESP-ch Catalunya U18"]
[Site "Cambrils"]
[Date "2024.03.28"]
[Round "9"]
[White "Ano Pla, Gerard"]
[Black "Catalan Monteagudo, Elm"]
[Result "1-0"]
[WhiteElo "2230"]
[BlackElo "1954"]
[PlyCount "81"]
[EventDate "2024.03.23"]
[EventType "swiss"]
[EventRounds "9"]
[EventCountry "ESP"]
[SourceTitle "EXT 2025"]
[Source "ChessBase"]
[SourceDate "2024.10.14"]
[SourceVersion "1"]
[SourceVersionDate "2024.10.14"]
[SourceQuality "1"]

1. d4 Nf6 2. Bg5 c5 3. d5 Qb6 4. Bc1 g6 5. Nc3 Bg7 6. e4 d6 7. Nf3 0-0 8. Be2 Nbd7 9. h3 a6 10. 0-0 Ne8 11. a4 Qd8 12. Bf4 b6 13. Qd2 Bb7 14. Rfe1 Ne5 15. Nxe5 dxe5 16. Be3 Rc8 17. b3 Nd6 18. f3 Qc7 19. g4 Rfd8 20. Bc4 Qd7 21. Qe2 Ra8 22. Bd3 Rdc8 23. Nd1 Kh8 24. a5 b5 25. c4 f5 26. Nc3 e6 27. cxb5 axb5 28. Bxb5 Nxb5 29. Qxb5 Qxb5 30. Nxb5 exd5 31. Nd6 Rc7 32. Nxb7 Rxb7 33. Bxc5 Rxb3 34. a6 Rb5 35. Bf2 fxe4 36. fxe4 d4 37. Reb1 Rxb1+ 38. Rxb1 Bh6 39. Ra1 Ra7 40. Kf1 d3 41. Bxa7 1-0

[Event "ESP-ch U18"]
[Site "Salobrena"]
[Date "2023.08.04"]
[Round "7"]
[White "Catalan Monteagudo, Elm"]
[Black "Coll Fullana, Pau"]
[Result "0-1"]
[WhiteElo "1763"]
[BlackElo "2018"]
[PlyCount "76"]
[EventDate "2023.07.31"]
[EventType "swiss"]
[EventRounds "9"]
[EventCountry "ESP"]
[SourceTitle "CBM 215 Extra"]
[Source "ChessBase"]
[SourceDate "2023.09.30"]
[SourceVersion "1"]
[SourceVersionDate "2023.09.30"]
[SourceQuality "1"]

1. d4 Nf6 2. c4 e6 3. Nf3 d5 4. g3 dxc4 5. Bg2 c5 6. 0-0 Nc6 7. Qa4 Bd7 8. Qxc4 b5 9. Qd3 Rc8 10. Bf4 c4 11. Qd1 Be7 12. Nc3 Qb6 13. a3 0-0 14. e4 Na5 15. d5 Bc5 16. Ne5 Rcd8 17. Bg5 Be7 18. d6 Bxd6 19. Bxf6 gxf6 20. Nxd7 Rxd7 21. e5 fxe5 22. Ne4 f5 23. Ng5 Nb3 24. Nxe6 Nxa1 25. Nxf8 Kxf8 26. Qxa1 Bc5 27. Qc1 Rd3 28. a4 a6 29. axb5 axb5 30. Qa1 Qa7 31. Qc1 Qb6 32. Qa1 Kg7 33. Qc1 h6 34. Qc2 Qd6 35. Kh1 e4 36. g4 Qf4 37. f3 Bd6 38. Bh3 Rd2 0-1

[Event "ESP-ch U18"]
[Site "Salobrena"]
[Date "2023.07.31"]
[Round "1"]
[White "Catalan Monteagudo, Elm"]
[Black "Bermudez Ureba, Juan Diego"]
[Result "0-1"]
[WhiteElo "1763"]
[BlackElo "2203"]
[PlyCount "76"]
[EventDate "2023.07.31"]
[EventType "swiss"]
[EventRounds "9"]
[EventCountry "ESP"]
[SourceTitle "CBM 215 Extra"]
[Source "ChessBase"]
[SourceDate "2023.09.30"]
[SourceVersion "1"]
[SourceVersionDate "2023.09.30"]
[SourceQuality "1"]

1. d4 Nf6 2. c4 e6 3. Nf3 b6 4. g3 Bb7 5. Bg2 c5 6. 0-0 cxd4 7. Qxd4 Be7 8. Nc3 d6 9. Rd1 a6 10. Bg5 Nbd7 11. Rac1 h6 12. Bxf6 Nxf6 13. Nd2 Bxg2 14. Kxg2 0-0 15. Nde4 Nxe4 16. Nxe4 Qc7 17. Rd3 d5 18. Nd2 Rfd8 19. Qf4 e5 20. Qg4 e4 21. Rb3 Rac8 22. Rbc3 d4 23. Rb3 Bg5 24. Rd1 b5 25. Nxe4 bxc4 26. Rf3 Be7 27. Qf5 Bf8 28. Rf4 Qd7 29. Qh5 Qd5 30. Qg4 Kh8 31. Kg1 Qe6 32. Qf3 Rd7 33. g4 c3 34. bxc3 dxc3 35. Rc1 c2 36. e3 Ba3 37. Rf6 gxf6 38. Qf4 f5 0-1

[Event "La Pobla de Lillet op-B 31st"]
[Site "La Pobla de Lillet"]
[Date "2022.08.06"]
[Round "5"]
[White "Catalan Monteagudo, Elm"]
[Black "Sanner, Jean Michel"]
[Result "1-0"]
[WhiteElo "1625"]
[BlackElo "1503"]
[PlyCount "137"]
[EventDate "2022.08.02"]
[EventType "swiss"]
[EventRounds "9"]
[EventCountry "ESP"]
[SourceTitle "CBM 209 Extra"]
[Source "ChessBase"]
[SourceDate "2022.09.30"]
[SourceVersion "1"]
[SourceVersionDate "2022.09.30"]
[SourceQuality "1"]

1. e4 e5 2. Nf3 Nc6 3. Bb5 g6 4. 0-0 Bg7 5. d3 Nge7 6. Be3 0-0 7. Re1 d5 8. exd5 Nxd5 9. Bc5 Re8 10. Nbd2 Bg4 11. h3 Bd7 12. Nc4 Nf4 13. Bxc6 Bxc6 14. Be3 Qf6 15. Bxf4 Qxf4 16. Qd2 Qf5 17. Qg5 Qxg5 18. Nxg5 h6 19. Nf3 e4 20. dxe4 Bxe4 21. c3 b5 22. Ncd2 Bd3 23. Nb3 b4 24. Rad1 Rxe1+ 25. Rxe1 Kf8 26. Ne5 Bf5 27. g4 Be6 28. Nxg6+ fxg6 29. Rxe6 bxc3 30. bxc3 Kf7 31. Rc6 Be5 32. Kg2 a5 33. Rc5 Bd6 34. Rxa5 Re8 35. Nd4 Re1 36. Ra7 Ke7 37. Nb5 Kd7 38. Nxd6 Kxd6 39. Ra4 Rc1 40. c4 Kc5 41. h4 Rxc4 42. Rxc4+ Kxc4 43. Kf3 c5 44. Ke2 Kc3 45. a4 Kb2 46. a5 c4 47. a6 c3 48. a7 c2 49. a8Q c1Q 50. Qb7+ Ka3 51. Qa6+ Kb4 52. Qd6+ Kb5 53. Qd3+ Kc6 54. Qxg6+ Kd5 55. Qd3+ Kc6 56. Qe4+ Kd6 57. Qd4+ Kc6 58. Qf6+ Kd5 59. g5 Qc4+ 60. Kf3 Qe4+ 61. Kg3 hxg5 62. Qxg5+ Kc6 63. Qf6+ Kd7 64. Qf7+ Kd8 65. h5 Qe5+ 66. Kg4 Qd4+ 67. Kg5 Qe5+ 68. Kh6 Qd6+ 69. Kh7 1-0

[Event "La Pobla de Lillet op-B 30th"]
[Site "La Pobla de Lillet"]
[Date "2021.08.08"]
[Round "7"]
[White "Capelles Prat, Ramon"]
[Black "Catalan Monteagudo, Elm"]
[Result "0-1"]
[WhiteElo "1751"]
[BlackElo "1391"]
[PlyCount "114"]
[EventDate "2021.08.02"]
[EventType "swiss"]
[EventRounds "9"]
[EventCountry "ESP"]
[SourceTitle "EXT 2022"]
[Source "ChessBase"]
[SourceDate "2021.10.06"]
[SourceVersion "1"]
[SourceVersionDate "2021.10.06"]
[SourceQuality "1"]

1. d4 Nf6 2. c4 c5 3. d5 b5 4. b3 g6 5. Bb2 Bg7 6. Qc2 d6 7. e4 Nbd7 8. Nf3 0-0 9. Bd3 bxc4 10. bxc4 Rb8 11. Bc3 Qc7 12. 0-0 Nb6 13. Nbd2 Bd7 14. a4 Nxa4 15. Rxa4 Bxa4 16. Qxa4 Qd7 17. Qxd7 Nxd7 18. Bxg7 Kxg7 19. Ra1 Rb7 20. Nb1 Rb3 21. Bf1 Ra8 22. Na3 Rb6 23. Nb5 a6 24. Nd2 Rab8 25. Na7 Ne5 26. f4 Ng4 27. Nc6 R8b7 28. Na5 Rb8 29. Ra3 h6 30. h3 Nf6 31. g4 g5 32. e5 Nd7 33. exd6 exd6 34. fxg5 hxg5 35. Ne4 f6 36. Nc6 Re8 37. Nxd6 Re1 38. Nf5+ Kf8 39. Re3 Rbb1 40. Rxe1 Rxe1 41. Kf2 Rc1 42. Nd6 Rc2+ 43. Be2 Ra2 44. Nb7 Ke8 45. Nd6+ Kf8 46. Nf5 a5 47. Ne3 a4 48. Na5 a3 49. Nd1 Rc2 50. Nb3 Ne5 51. Ne3 Rb2 52. Na1 Nd3+ 53. Kf3 Nb4 54. Bd1 Rb1 55. Nac2 a2 56. Nxb4 a1Q 57. Nc6 Ke8 0-1